000 00694nam 22002053 4500
001 200994
090 _a200994
100 _a20260305d u||y0pory50 ba
200 _aO espaço será pequeno
_fFredric Brown
_gtradução de Mário Henrique Leiria
210 _aLisboa
_cLivros do Brasil
_d[19--?]
215 _a177, [7] p.
_cbrochado
_d16 cm
225 _aArgonauta
_v68
317 _a. - Oferta com dedicatória do escritor ao Prof. Dr. Almeida Faria
606 _916
_aLiteratura Americana
675 _a821.111(73)-3
_vPT
_zpor
700 _916664
_aBrown
_bFredric
_f1906-1972
702 _99752
_aLeiria
_bMário Henrique
801 _aPT
_bBMMN
_gRPC
830 _cAna Falardo
_fAna Falardo
990 _cLIVROS